رؤى ثقافية / (رقم التسجيلة. 22674)

تفاصيل مارك
000 -الفاتح
حقل البيانات ثابتة الطول 00611nam a22001937a 4500
003 - محدد رقم الضبط
رقم الضبط OSt
005 - وقت وتاريخ اخر تعامل مع التسجيلة
رقم الضبط 20150408114029.0
008 - عناصر البيانات ثابتة الطول - معلومات عامة
حقل البيانات ثابتة الطول 120508s jo ||||g |||| 00| 0 ara d
020 ## - الرقم الدولى المعيارى للكتب
الرقم الدولى المعيارى للكتاب 9789957479558
040 ## - مصدر الفهرسة
وكالة النسخ MU
082 04 - رقم تصنيف ديوى العشرى
رقم الطبعة 21
رقم التصنيف 306.42
رقم المادة ب ع ر
100 1# - المدخل الرئيسى - إسم شخصى
الإسم الشخصى بكار، عبد الكريم بن محمد الحسن،
الدور 1951-.
9 (RLIN) 12460
245 10 - بيان العنوان
العنوان رؤى ثقافية /
بيان المسئوليه,etc عبد الكريم بكار.
250 ## - بيان الطبعة
بيان الطبعة ط. 1.
260 ## - PUBLICATION, DISTRIBUTION, ETC. (IMPRINT)
مكان الناشر او الموزع عمان، الأردن :
اسم الناشر او الموزع دار الإعلام،
تاريخ النشر أو التوزيع 2011.
300 ## - الوصف المادى
التعداد 250 ص. ؛
أبعاد الوعاء 24 سم.
650 ## - المدخل الاضافى بالموضوع-مصطلح موضوعى
مصطلح موضوعي أو اسم جغرافي كعنصر مدخل الثقافة العربية.
9 (RLIN) 12549
942 ## - عناصر المدخل الإضافي( كوها)
مصدر التصنيف او مخطط الترفيف Dewey Decimal Classification
Koha [default] item type DVD
المقتنيات
حالة الفقد نموذج السعر الفعال حالة تلف ليس للاعارة رقم الطلب رقم النسخة تاريخ الاكتساب الموقع الحالي الباركود الفرع الرئيسي Date last seen نوع المادة فى نظام كوها مصدر التصنيف او خطة الترفيف Total Checkouts Date last checked out
  2013-03-10     306.42 ب ع ر ن 1 2012-05-08 المكتبة المركزية بالمجمعة (CL) 00105355 المكتبة المركزية بالمجمعة (CL) 2013-03-10 كتاب Dewey Decimal Classification    
  2013-03-10     306.42 ب ع ر ن 2 2012-05-08 المكتبة المركزية بالمجمعة (CL) 00105356 المكتبة المركزية بالمجمعة (CL) 2013-03-10 كتاب Dewey Decimal Classification    
  2013-03-10     306.42 ب ع ر ن 3 2012-05-08 المكتبة المركزية بالمجمعة (CL) 00105357 المكتبة المركزية بالمجمعة (CL) 2013-03-10 كتاب Dewey Decimal Classification    
  2013-03-10     306.42 ب ع ر ن 1 2012-05-08 قسم الاجراءات الفنية (IC) 00105323 قسم الاجراءات الفنية (IC) 2016-03-31 كتاب Dewey Decimal Classification 2 2016-03-21
  2013-03-10     306.42 ب ع ر ن 2 2012-05-08 قسم الاجراءات الفنية (IC) 00105324 قسم الاجراءات الفنية (IC) 2013-03-10 كتاب Dewey Decimal Classification    
  2013-03-10     306.42 ب ع ر ن 1 2012-05-08 مكتبة كلية التربية بالزلفى - طالبات (EZF) 00105358 مكتبة كلية التربية بالزلفى - طالبات (EZF) 2013-03-10 كتاب Dewey Decimal Classification    
  2013-03-10     306.42 ب ع ر ن 2 2012-05-08 مكتبة كلية التربية بالزلفى - طالبات (EZF) 00105359 مكتبة كلية التربية بالزلفى - طالبات (EZF) 2015-11-05 كتاب Dewey Decimal Classification 1 2015-10-15
  2013-03-10     306.42 ب ع ر ن 1 2012-05-08 مكتبة مجمع الطالبات بالمجمعة (EMF) 00105321 مكتبة مجمع الطالبات بالمجمعة (EMF) 2013-03-10 كتاب Dewey Decimal Classification    
  2013-03-10     306.42 ب ع ر ن 2 2012-05-08 مكتبة مجمع الطالبات بالمجمعة (EMF) 00105322 مكتبة مجمع الطالبات بالمجمعة (EMF) 2015-03-29 كتاب Dewey Decimal Classification 1 2015-02-11